Performance additives for rubber processing and adhesives and sealants (Record no. 64682)

MARC details
000 -LEADER
fixed length control field 00496nam a2200133Ia 4500
100 ## - MAIN ENTRY--AUTHOR NAME
Personal name Meeker Tom
245 #0 - TITLE STATEMENT
Title Performance additives for rubber processing and adhesives and sealants
260 ## - PUBLICATION, DISTRIBUTION, ETC. (IMPRINT)
Name of publisher Proceedings of the National Conference and Exposition on Rubber and Allied Materials. India Rub Tech Expo 2004. 13-14 February, 2004, Mysore.pp.315-321.
650 ## - SUBJECT ADDED ENTRY--TOPICAL TERM
Topical Term Additives
650 ## - SUBJECT ADDED ENTRY--TOPICAL TERM
Topical Term Adhesives
650 ## - SUBJECT ADDED ENTRY--TOPICAL TERM
Topical Term Rubber processing
942 ## - ADDED ENTRY ELEMENTS (KOHA)
Koha item type Journals
Holdings
Withdrawn status Lost status Damaged status Not for loan Home library Current library Shelving location Date acquired Koha item type
      Journals RRII Library RRII Library Rubber chemistry 17/12/2021 Journals